| 000 | 00554nam a2200181Ia 4500 | ||
|---|---|---|---|
| 008 | 151018s9999 xx 000 0 und d | ||
| 082 |
_bRBASDV7839 _a891.463 |
||
| 100 | _aचंद्रकांत काकोडकर | ||
| 245 | _aपुरुष | ||
| 250 | _b1 | ||
| 260 |
_bचंद्रकांत _c1972 |
||
| 300 | _a136 | ||
| 600 | _aचंद्रकांत काकोडकर | ||
| 630 | _aपुरुष | ||
| 700 | _aचंद्रकांत काकोडकर | ||
| 730 | _aपुरुष | ||
| 942 | _cBOOK | ||
| 999 |
_c1010204 _d1010201 |
||